| 000 | 00524nam a2200181Ia 4500 | ||
|---|---|---|---|
| 008 | 090124s9999 xx 000 0 und d | ||
| 082 | _b34870 | ||
| 100 | _aनरवणे सुधा | ||
| 245 | _a मनस्विनी | ||
| 250 | _a1 | ||
| 260 |
_bचंद्रमौळी प्रकाशन _c1997 |
||
| 300 | _a144 | ||
| 600 | _aनरवणे सुधा | ||
| 630 | _a मनस्विनी | ||
| 700 | _aनरवणे सुधा | ||
| 730 | _a मनस्विनी | ||
| 942 | _cBOOK | ||
| 999 |
_c100798 _d100798 |
||